00512nam a2200193 a 4500001001300000003000900013005001700022008004100039020002500080082001400105100002000119245003900139260004300178300000900221500003500230505001000265650002300275700002000298nice12345678IN_TiNIC20260116013038.0050524s1989 lona grp 000 0 eng  a0001285 c662.300a230bGRE1 aGreen, Clifford aKarl Barthb Theologian of Freedom aLondon bCollins Religious Pub. c1989 a348p aincludes index and biblioraphy2 aIndex aTheology-Doctrinal1 aGreen, Clifford